Fibonacci numbers and their applications
Saved in:
| Main Authors: | , , |
|---|---|
| Format: | Book |
| Language: | English |
| Published: |
Dordrecht
Reidel
1986
|
| Series: | Mathematics and its applications
|
| Subjects: | |
| Tags: |
Add Tag
No Tags, Be the first to tag this record!
|
MARC
| LEADER | 00000nam a2200000 a 4500 | ||
|---|---|---|---|
| 001 | UCW1003 | ||
| 003 | CL-VaPUC | ||
| 008 | 900820e19860000NE |||||||||||||||||eng|d | ||
| 082 | 0 | 4 | |a 512.72 |b PHI |2 21 |
| 100 | 0 | |a Philippou, Andreas N |e author |9 304918 | |
| 700 | 0 | |a Bergum, Gerald E |e author |9 304919 | |
| 700 | 0 | |a Horadam, Alwyn F |e author |9 304920 | |
| 245 | 1 | 0 | |a Fibonacci numbers and their applications |
| 300 | |a 304 p | ||
| 942 | |c BK | ||
| 945 | |d 19900820 00:00:00 | ||
| 260 | |a Dordrecht |b Reidel |c 1986 | ||
| 650 | 0 | |a Teoría de números |9 265327 | |
| 650 | 0 | |a Congresos |9 257560 | |
| 583 | |a last modification |c 20120528 09:53:40 |k Rodrigo Vera | ||
| 490 | 0 | |a Mathematics and its applications | |
| 999 | |c 215993 |d 215991 | ||
| 952 | |0 0 |1 0 |4 0 |6 512_720000000000000_PHI_1986 |7 0 |8 A |9 201328 |a BIBMAT |b BIBMAT |d 2019-11-14 |i 2684926 |o 512.72 PHI 1986 |p 2684926 |r 2025-01-07 |w 2019-11-14 |y BK |k MAT | ||